000 00625nam a2200229Ia 4500
005 20260429112126.0
008 260429s9999||||xx |||||||||||||| ||und||
020 _a9788119808144
041 _aEnglish
082 _a954.133
_bMIS
100 _aMishra, Baba
245 0 _aHistory and archaeology of Odisha recent perspectives /
_cBaba Mishra
250 _a1st ed.
260 _aDelhi :
_bB. R. Publishing Corporation,
_c2025.
300 _axxxiv, 154 p.; hb
650 _a History
650 _a Odisha
650 _aArchaeology
700 _a Dandasena, Prasanna Ku
700 _a Jena, Trilochan
942 _cTB
999 _c52481
_d52481